| 000 | 00542nam a22001817a 4500 | ||
|---|---|---|---|
| 005 | 20170630163314.0 | ||
| 010 | _aENG-118822 | ||
| 020 |
_a9789382623120 _c600.00 |
||
| 035 | _aEN-102354 | ||
| 037 | _bDBAD/PUB | ||
| 082 | _a307.14120954 | ||
| 245 |
_aIssues on rural livelihood in India / _cedited by Pradip Chouhan |
||
| 260 |
_aKolkata _bReaders Service _c2016 |
||
| 270 | _a59/5A, Garfa Main Road, Kolkata-700075 | ||
| 300 |
_a208p _c22cm.(pbk) |
||
| 700 | _aChouhan, Pradip | ||
| 942 |
_2ddc _cEN _h307.14120954 _mCHO |
||
| 999 |
_c141602 _d141602 |
||